Faune dendrophile neotropicale VII (Registro nro. 12513)

Detalles MARC
000 -CABECERA
Campo de control 006170000a22001930004500
090 ## - CLASIFICACIÓN LOCAL
Colección AR
Consecutivo 03462
041 0# - IDIOMA
Código de idioma para texto/pista de sonido o título separado
100 1# - ASIENTO PRINCIPAL--NOMBRE PERSONAL
Nombre personal Descamps, Marius
245 10 - MENCION DE TITULO
Título Faune dendrophile neotropicale VII
Version seconde revue des ophthalmolampini le groupe des lagarolampae (Orthoptera, Romaleidae)
650 14 - ASIENTO SECUNDARIO DE MATERIA - TERMINO TEMATICO
Término temático o nombre geográfico como elemento de entrada Entomología
650 14 - ASIENTO SECUNDARIO DE MATERIA - TERMINO TEMATICO
Término temático o nombre geográfico como elemento de entrada Biogeografía
650 14 - ASIENTO SECUNDARIO DE MATERIA - TERMINO TEMATICO
Término temático o nombre geográfico como elemento de entrada Análisis genético
650 14 - ASIENTO SECUNDARIO DE MATERIA - TERMINO TEMATICO
Término temático o nombre geográfico como elemento de entrada Taxonomía
650 14 - ASIENTO SECUNDARIO DE MATERIA - TERMINO TEMATICO
Término temático o nombre geográfico como elemento de entrada Morfología
651 #4 - ASIENTO SECUNDARIO DE MATERIA - NOMBRE GEOGRAFICO
-- América del Sur
653 ## - TERMINO DE INDIZACION - NO CONTROLADO
-- Acridoidea
773 1# - Item fuente:
Título Annls Soc. Ent. Fr.
Descripción física 1
Paginas del Articulo 17-35
Lugar, editorial y fecha de publicación 1986
Información sobre la relación 19
942 ## - ELEMENTOS ADICIONALES (KOHA)
Tipo de ítem Artículo
Existencias
Withdrawn status Lost status Damaged status No para préstamo Colección Ubicación Permanente Ubicación actual Fecha de adquisición Datos de publicación Seriada Total Checkouts Número topográfico Inventario / Código de Barras Date last seen Price effective from Forma de adquisición Tipo de material
      No para Préstamo Hemeroteca Bogotá Bogotá 27/02/2015 Fuera de circulación   AR 03462 014375 25/03/2015 25/03/2015   Artículo